Religion Quiz

Random Religion or Bible Quiz

Get The Picture: Four Disciples Quiz Stats

 Plays Quiz not verified by Sporcle

Support Sporcle.
Go Orange.
Score 0/10 Timer 02:30
0 Plays Today
Question Answer Wrong Answers
Which Disciple wrote one of the four Gospels? John
82.8%
Andrew
3.5%
Peter
4.1%
James
2.8%
Which disciple was originally called Simon or Simeon? Peter
82.3%
Andrew
9.5%
James
4.6%
John
3.4%
Which disciple is the Patron Saint of Scotland? Andrew
79.7%
Peter
1.5%
James
11.2%
John
2.7%
Which Disciple is reputed to have denied Jesus Christ three times? Peter
78.4%
Andrew
7.2%
James
5.6%
John
8.4%
Which Disciple is the patron saint of Spain ? James
67.6%
Andrew
4.6%
Peter
5.9%
John
15.6%
Which Disciple was the brother of James? John
62.1%
Andrew
28.1%
Peter
4.4%
James
3.5%
Which Disciple is described as walking on water for a moment but beginning to sink when his faith wavers (Matthew 14:28–31) Peter
50.9%
Andrew
21%
James
12.7%
John
12%
Which Disciple was crucified in Rome under the Emperor Nero? Peter
47.2%
Andrew
20.1%
James
13%
John
18.6%
Which was Jesus's favourite Apostle? 'The disciple whom Jesus loved' John
46%
Andrew
6.6%
Peter
34.2%
James
5%
Which Disciple said, 'The tongue can no man tame; it is an unruly evil, full of deadly poison' ? James
36%
Andrew
15.5%
Peter
18.7%
John
21.8%

You're not logged in!

Compare scores with friends on all Sporcle quizzes.
OR
Log In

From the Vault

4,000 Largest Cities in the World

by darinh

Get comfy, you're going to be thinking about this one for a while.
Remove Ads.
Support Sporcle.
Get the best of Sporcle when you Go Orange. This ad-free experience offers more features, more stats, and more fun while also helping to support Sporcle. Thank you for becoming a member.

Show Comments

Extras

Top Quizzes Today


Score Distribution

Your Account Isn't Verified!

In order to create a playlist on Sporcle, you need to verify the email address you used during registration. Go to your Sporcle Settings to finish the process.

Report this User

Report this user for behavior that violates our Community Guidelines.

Details: